[Event "CCT Chessable Masters Play-In 2025"]
[Site "Online"]
[Date "2025.02.17"]
[Round "9.50"]
[White "Kourkoulos-Arditis, Stamatis"]
[Black "Aditya Mittal"]
[Result "1/2-1/2"]
[WhiteElo "2580"]
[BlackElo "2550"]
[PlyCount "140"]
[EventDate "2025.02.13"]
[EventType "swiss"]
[EventCountry "NET"]

1. Nf3 d5 2. e3 c5 3. b3 Nf6 4. Bb2 g6 5. c4 dxc4 6. Bxc4 Bg7 7. O-O O-O 8. Qe2 a6 9. d4 b5 10. Bd3 cxd4 11. Bxd4 Bb7 12. Nbd2 Nc6 13. Bb2 Nb4 14. Bb1 Rc8 15. a3 Nbd5 16. Rd1 Qc7 17. Be5 Nc3 18. Qd3 Qd8 19. Re1 Nxb1 20. Qxb1 Qd5 21. Qb2 Rfd8 22. Rac1 Rxc1 23. Rxc1 Ne4 24. Bxg7 Nxd2 25. Qxd2 Qxd2 26. Nxd2 Kxg7 27. Nb1 Bd5 28. b4 Bc4 29. f3 Rd3 30. Kf2 Rb3 31. Nd2 Rxa3 32. Nxc4 bxc4 33. Rxc4 Ra2+ 34. Kg3 h5 35. h4 Rb2 36. e4 e5 37. Rc5 Kf6 38. Rc6+ Kg7 39. Rb6 Ra2 40. Kh3 Ra3 41. Kh2 Ra1 42. Kg3 Ra2 43. Rb7 Kf6 44. Ra7 Ra4 45. Rb7 a5 46. Rb6+ Kg7 47. Rb5 axb4 48. Rxe5 Ra2 49. Rb5 Rb2 50. Rb6 f6 51. Rb7+ Kf8 52. Kh3 Rb3 53. Kh2 Rb2 54. Kg3 Kg8 55. f4 Rb3+ 56. Kf2 Rb2+ 57. Kf3 Rb3+ 58. Kf2 Rb2+ 59. Kg3 Rb3+ 60. Kh2 Rb2 61. Kh3 Kf8 62. g3 Kg8 63. Rb8+ Kf7 64. Rb7+ Kg8 65. Re7 Re2 66. e5 fxe5 67. fxe5 b3 68. Rb7 b2 69. e6 Rxe6 70. Rxb2 Kg7 1/2-1/2

[Event "CCT Chessable Masters Play-In 2025"]
[Site "Online"]
[Date "2025.02.17"]
[Round "9.51"]
[White "Bartel, Mateusz"]
[Black "Batsuren, Dambasuren"]
[Result "1-0"]
[WhiteElo "2629"]
[BlackElo "2537"]
[PlyCount "115"]
[EventDate "2025.02.13"]
[EventType "swiss"]
[EventCountry "NET"]

1. d4 Nf6 2. Nf3 e6 3. Bg5 d5 4. Nbd2 Be7 5. c3 h6 6. Bxf6 Bxf6 7. e4 dxe4 8. Nxe4 Be7 9. Bd3 Nd7 10. Qe2 c5 11. dxc5 Nxc5 12. Nxc5 Bxc5 13. O-O-O Qc7 14. Ne5 a6 15. f4 Bd6 16. Rhf1 O-O 17. g4 Bxe5 18. fxe5 Qe7 19. Kb1 Qg5 20. Qe4 g6 21. Rf6 h5 22. gxh5 Qxh5 23. Rg1 Bd7 24. Qf4 Kg7 25. Rf1 Bb5 26. Rxf7+ Rxf7 27. Qxf7+ Kh6 28. c4 Be8 29. Qf6 Kh7 30. Qxe6 Qg5 31. Qf6 Qxf6 32. Rxf6 Kg7 33. Rd6 g5 34. Kc2 Rc8 35. Kc3 b5 36. b3 bxc4 37. bxc4 Rc5 38. Rd5 Rc6 39. Bf5 Rh6 40. h3 Kf8 41. Rd6 Rh4 42. Rxa6 Rf4 43. Bg4 Ke7 44. Re6+ Kd8 45. Rd6+ Kc7 46. Rd4 Rf2 47. Rd2 Rf4 48. a3 Bc6 49. Kb4 Kb6 50. a4 Kc7 51. a5 Rf1 52. e6 Rb1+ 53. Kc3 Ra1 54. Kd4 Rxa5 55. Rf2 Kd6 56. Rf7 Be8 57. Rg7 Re5 58. Rg8 1-0

[Event "CCT Chessable Masters Play-In 2025"]
[Site "Online"]
[Date "2025.02.17"]
[Round "9.52"]
[White "Pakleza, Zbigniew"]
[Black "Nigmatov, Ortik"]
[Result "1-0"]
[WhiteElo "2485"]
[BlackElo "2505"]
[PlyCount "91"]
[EventDate "2025.02.13"]
[EventType "swiss"]
[EventCountry "NET"]

1. Nf3 Nf6 2. d4 d5 3. Bf4 e6 4. e3 c5 5. c3 Nc6 6. Nbd2 Bd6 7. Bg3 O-O 8. Bd3 Qe7 9. Ne5 Nd7 10. Nxd7 Qxd7 11. Qh5 f5 12. Nf3 Qe7 13. O-O-O Bd7 14. Ng5 h6 15. Nh3 cxd4 16. Bxd6 Qxd6 17. exd4 Rac8 18. Kb1 b5 19. Bxb5 Rb8 20. Bxc6 Bxc6 21. Rhe1 Rb6 22. Qe2 Bb5 23. Qe5 Qc6 24. Nf4 Ba4 25. Rc1 Rfb8 26. Re2 Bb5 27. Qxe6+ Qxe6 28. Rxe6 g5 29. Rxb6 Rxb6 30. Nxd5 Re6 31. c4 Bc6 32. b4 Re2 33. Rc2 Re1+ 34. Kb2 Kf7 35. b5 Bb7 36. f3 g4 37. fxg4 fxg4 38. Nf4 Rf1 39. g3 Be4 40. Re2 Bf3 41. Rd2 Ke7 42. c5 Be4 43. Re2 Rb1+ 44. Ka3 Rxb5 45. Rxe4+ Kd7 46. Re6 1-0

[Event "CCT Chessable Masters Play-In 2025"]
[Site "Online"]
[Date "2025.02.17"]
[Round "9.53"]
[White "Cuenca Jimenez, Jose Fernando"]
[Black "Vaishali, Rameshbabu"]
[Result "0-1"]
[WhiteElo "2479"]
[BlackElo "2476"]
[PlyCount "116"]
[EventDate "2025.02.13"]
[EventType "swiss"]
[EventCountry "NET"]

1. d4 d5 2. Bf4 c5 3. e3 Nc6 4. Nf3 e6 5. Nbd2 cxd4 6. exd4 Bd6 7. Bg3 Nge7 8. c3 Nf5 9. Bxd6 Nxd6 10. Bd3 a5 11. a4 b6 12. O-O Ba6 13. Bxa6 Rxa6 14. Qe2 Ra7 15. Ne5 Qc8 16. f4 O-O 17. Rf3 Re7 18. Rh3 f6 19. Qh5 g6 20. Nxc6 Qxc6 21. Qe2 Rfe8 22. Nf3 Qc4 23. Qc2 Ne4 24. g4 Rf8 25. Re1 b5 26. axb5 Qxb5 27. Nd2 f5 28. g5 Rb8 29. b4 axb4 30. cxb4 Qxb4 31. Nf3 Qb2 32. Qxb2 Rxb2 33. Rc1 Ra7 34. Ne5 Kg7 35. Rh6 Nc3 36. Kh1 Ne2 37. Rf1 Nxf4 38. Nf3 Ne2 39. Rh4 Rab7 40. Re1 R7b3 41. Ne5 Rb1 42. Rxb1 Rxb1+ 43. Kg2 Rd1 44. Nf3 Nc3 45. Ne5 Rd2+ 46. Kf3 Ne4 47. Nd7 Nxg5+ 48. Ke3 Rd1 49. Nc5 h5 50. Kf4 Rg1 51. Nd3 Kf6 52. Ke3 Rg2 53. Nf4 Ra2 54. Nd3 Ra3 55. Rf4 Ne4 56. Rf1 g5 57. Rb1 f4+ 58. Ke2 Nc3+ 0-1

[Event "CCT Chessable Masters Play-In 2025"]
[Site "Online"]
[Date "2025.02.17"]
[Round "9.54"]
[White "Gharibyan, Mamikon"]
[Black "Lie, Kjetil A."]
[Result "1/2-1/2"]
[WhiteElo "2473"]
[BlackElo "2489"]
[PlyCount "65"]
[EventDate "2025.02.13"]
[EventType "swiss"]
[EventCountry "NET"]

1. e4 c5 2. Nf3 g6 3. c3 Bg7 4. d4 cxd4 5. cxd4 d5 6. e5 Bg4 7. Nc3 Nc6 8. Bb5 Rc8 9. h3 Bxf3 10. Qxf3 e6 11. O-O Nge7 12. Rd1 O-O 13. Bg5 Qb6 14. Qd3 a6 15. Bxc6 Nxc6 16. Rd2 Rc7 17. h4 h6 18. Bf6 Ne7 19. h5 g5 20. f4 g4 21. Bxe7 Rxe7 22. Re1 f5 23. exf6 Bxf6 24. Nd1 e5 25. fxe5 Bxe5 26. Kh1 Qf6 27. Rxe5 Rxe5 28. dxe5 Qh4+ 29. Kg1 Qe1+ 30. Kh2 Qh4+ 31. Kg1 Qe1+ 32. Kh2 Qh4+ 33. Kg1 1/2-1/2

[Event "CCT Chessable Masters Play-In 2025"]
[Site "Online"]
[Date "2025.02.17"]
[Round "9.55"]
[White "Zhukova, Natalia"]
[Black "Guliyev, Namig"]
[Result "1/2-1/2"]
[WhiteElo "2306"]
[BlackElo "2486"]
[PlyCount "91"]
[EventDate "2025.02.13"]
[EventType "swiss"]
[EventCountry "NET"]

1. c4 c6 2. Nf3 d5 3. e3 Nf6 4. Nc3 Bg4 5. cxd5 cxd5 6. Qb3 Bxf3 7. Qxb7 Nbd7 8. gxf3 e6 9. Rg1 g6 10. d4 Bd6 11. f4 O-O 12. Qa6 Bb4 13. Bd3 Bxc3+ 14. bxc3 Qc7 15. c4 dxc4 16. Qxc4 Qd6 17. Qa6 Qd5 18. Qb5 Qf3 19. Qg5 Rab8 20. f5 exf5 21. Qxf5 Qc6 22. Bd2 Rb2 23. Rc1 Qd6 24. h4 Re8 25. h5 Qxd4 26. hxg6 hxg6 27. Rxg6+ fxg6 28. Qxg6+ Kf8 29. Qxe8+ Kxe8 30. exd4 Rxa2 31. Rc2 Ra3 32. Bb5 a5 33. Bg5 Kf7 34. Rc7 Ke6 35. Bf4 Ra1+ 36. Ke2 a4 37. d5+ Ke7 38. Bg5 Kd6 39. Bf4+ Ke7 40. Bg5 Ra2+ 41. Kf3 Ra3+ 42. Kg2 Kd6 43. Bf4+ Ke7 44. Bg5 Kd6 45. Bf4+ Ke7 46. Bg5 1/2-1/2